000 00466nam a2200181Ia 4500
008 230524s9999 xx 000 0 und d
020 _a818845897X
082 _a612
_bPAN
100 _aOnkar Nath Pandey
_942047
245 0 _aBiomedical Electronics and Instrumentation
250 _a3
260 _aNew Delhi
_bKatson
_c2010
300 _a380p;
500 _aQuantity Number: 1
650 _aBio-medical
_942048
700 _aRakesh Kumar
_923696
942 _cBK
999 _c56464
_d56464